| 000 | 00362nam a22001337a 4500 | ||
|---|---|---|---|
| 020 | _a978-1-4727-3424-2 | ||
| 082 | _aCIMA Exam practice kit | ||
| 100 | _aBPP learning media | ||
| 245 | _aFinancial Reporting and Taxation F1 | ||
| 250 | _aExam practice for exams in 2015 | ||
| 260 |
_aUnited Kingdom _bBPP learning media _c2015 |
||
| 300 | _ax, 124p. | ||
| 942 | _cBK | ||
| 999 |
_c1676 _d1676 |
||